00670nam a2200205Ia 4500003000900000008004100009020002200050040001600072080002300088100002100111245014300132250001200275260003100287300001700318490005100335650002500386650002000411650001800431700001500449IN-BaIIA211028s9999 xx 000 0 eng d a978-3-642-41529-6 cIIA Library a52(082.1)bASS-403 aRoederer, Juan G 0aDynamics of magnetically trapped particlesbfoundations of the physics of radiation belts and space plasmascJuan G Roederer and Hui Zhang a2nd ed. aHeidelbergbSpringerc2014 axviii, 192p. aAstrophysics and space science library; v. 403 aMagnetohydrodynamics aRadiation belts aSpace plasmas aZhang, Hui